LEADER 01651nam0 22003973i 450 001 VAN00304472 005 20260409022004.253 017 70$2N$a9783031843426 100 $a20260409d2025 |0itac50 ba 101 $aeng 102 $aCH 105 $a|||| ||||| 181 $ai$b e 182 $ab 183 $acr 200 1 $aBreeding Zinc Crops for Better Human Health$fMahalingam Govindaraj, Velu Govindan, Natalia Palacios editors 210 $aCham$cSpringer$d2025 215 $aIX, 184 p.$cill.$d24 cm 620 $aCH$dCham$3VANL001889 676 $a612.3$cNutrizione umana$v22 676 $a576.5$cGenetica$v22 676 $a660.6$cBiotecnologia. Microbiologia applicata$v22 676 $a630$cAgricoltura e tecnologie connesse$v22 676 $a631.5$cGenetica agraria$v22 702 1$aGovindan$bVelu$3VANV262497 702 1$aGovindaraj$bMahalingam$3VANV262496 702 1$aPalacios$bNatalia$3VANV262498 712 $aSpringer $3VANV108073$4650 801 $aIT$bSOL$c20260410$gRICA 856 4 $uhttps://link.springer.com/book/10.1007/978-3-031-84342-6$zE-book - Accesso al full-text attraverso riconoscimento IP di Ateneo, proxy e/o Shibboleth 899 $aBIBLIOTECA DEL DIPARTIMENTO DI SCIENZE E TECNOLOGIE AMBIENTALI BIOLOGICHE E FARMACEUTICHE$1IT-CE0101$2VAN17 912 $fN 912 $aVAN00304472 950 $aBIBLIOTECA DEL DIPARTIMENTO DI SCIENZE E TECNOLOGIE AMBIENTALI BIOLOGICHE E FARMACEUTICHE$d17CONS e-book 2405 $e17BIB2405/270 270 20260409 996 $aBreeding Zinc Crops for Better Human Health$94384529 997 $aUNICAMPANIA